10 Capitals Closest to Vaduz - Statistics

General Stats
  • This quiz has been taken 70 times
  • The average score is 9 of 10
Answer Stats
km Capital % Correct
526 Vienna
100%
566 Paris
97%
159 Bern
95%
368 Luxembourg
86%
556 Brussels
85%
417 Monaco
85%
486 Prague
85%
426 San Marino
80%
515 Zagreb
80%
400 Ljubljana
78%
No matching quizzes found
Score Distribution
Percent of People with Each Score
Percentile by Number Answered
Your Score History
You have not taken this quiz